Las cooperativas y la crisis: nuestros clientes son también nuestros propietarios

Gespeichert in:
Bibliographische Detailangaben
Format: Text
Tags: Tag hinzufügen
Keine Tags, Fügen Sie den ersten Tag hinzu!

MARC

LEADER 00000 a a2200000 04500
001 48473
003
040
245 |a Las cooperativas y la crisis:   |b nuestros clientes son también nuestros propietarios  
773 |g número69, (2010), páginas 23-26 : fotos  
999 |c 35071  |d 35071 
773 0 |0 42296  |9 3091  |a Organización Internacional del Trabajo (OIT)  |d Ginebra, Suiza: Departamento de Comunicación de la OIT, 1995-  |o 14750  |t Trabajo:  |x 10200037